| 000 | 00394nam a22001697a 4500 | ||
|---|---|---|---|
| 003 | MACL | ||
| 005 | 20210928164055.0 | ||
| 008 | 210928b |||||||| |||| 00| 0 eng d | ||
| 040 | _cMACL | ||
| 082 | _a900/KUM | ||
| 100 |
_aKumari,K. _975726 |
||
| 245 | _aAncient Indian Art and Culture | ||
| 260 |
_aDelhi _bN.K. publication _c2017 |
||
| 300 | _ap309 | ||
| 650 | _aHistory | ||
| 942 |
_2ddc _cBK |
||
| 999 |
_c64447 _d64447 |
||